1392 1597 1470 1817 1430 1778 1419 1046 1919 1531 1689 1316 1671 1824 1103 1517 1771 1571 1139 1231 1190 1251 1527 1816 1124 1219 1072 1024 1095 1224 1923 1694 1855 1935 1653 1563 1175 1452 1112 1149 1613 1049 1905 1429 1922 1197 1394 1538 1156 1242 1639 1651 1620 1518 1370 1970 1035 1669 1092 1939 1752 1859 1028 1395 1871 1994 1444 1324 1748 1797 1509 1100 1785 1484 1869 1892 1560 1767 1148 1773 1800 1529 1411 1306 1696 1276 1869 1750 1146 1531 1657 1635 1174 1806 1563 1342 1345 1605 1724 BCNSPRNW ULIB Ver.6.0+V

เปลี่ยนเป็นภาษาไทย

Change to English
 แสดงรายละเอียดบรรณานุกรม
  กลับหน้าหลัก

Brief Record : Get Marc (ISO 2709) : E-mail record : QR code < ปิดหน้าต่าง
LEADER : 00000nam 2200000uu 4500
001    13399111939
003     ULIB
008    110712s2546||||th 000 0 tha d
020    9744840528
050  4 DS589C41^bร714ช 2546
100 0  รุ่งโรจน์ จุกมงคล
245 10 ชุมพร/^cรุ่งโรจน์ จุกมงคล
260    กรุงเทพฯ :^bสารคดี,^c[2546]
300    167 หน้า :^bภาพประกอบ, แผนที่ :^c21 ซม.
490 0  "นายรอบรู้" นักเดินทาง
651  7 ไทย (ภาคใต้)^xความเป็นอยู่และประเพณี
651  7 ไทย (ภาคใต้)^xภูมิประเทศและการท่องเที่ยว
651  7 ชุมพร^xความเป็นอยู่และประเพณี
651  7 ชุมพร^xภูมิประเทศและการท่องเที่ยว
651  7 ชุมพร^xโบราณสถาน
945    ^p95^l0^i015900
995    ทศพร
999 ^a ใช้งานได้ทุกระบบ
รายการนี้ยังไม่มีแท็ก
คุณยังไม่ได้ล็อกอิน คุณสามารถมีกิจกรรมร่วมกับเว็บไซต์ได้ แต่ต้องล็อกอินก่อน ::
  ล็อกอิน

รายการสื่อสารสนเทศ

ลำดับที่ ประเภท เลขเรียก/บาร์โค้ด สถานที่ สถานะ
- ไม่พบข้อมูล -

BibComment


ยังไม่เคยถูกคอมเมนท์

คอมเมนท์ทรัพยากรรายการนี้
  คอมเมนท์: ชุมพร รุ่งโรจน์ จ..


 Copyright 2026. Bcnsprnw @Library